| 000 | 00986nam a2200205 i 4500 | ||
|---|---|---|---|
| 001 | 160987 | ||
| 003 | ES-MaACL | ||
| 005 | 20230906212153.0 | ||
| 008 | 980331s1897 sp a |||| |bspa d | ||
| 080 | _a929:61 Monardes, Nicolás | ||
| 100 | 1 |
_aOlmedilla y Puig, Joaquín, _d1842-1914 _986949 |
|
| 245 | 1 | 0 |
_aEstudio histórico de la vida y escritos del sabio médico español del siglo XVI Nicolás Monardes / _cpor Joaquín Olmedilla y Puig. |
| 260 |
_aMadrid : _b[s.n.], _c1897 ( _fImp. de los hijos de M.G. Hernández) |
||
| 300 |
_a110 p. : _bil. ; _c22 cm. |
||
| 530 | _aDisponible en formato digital. | ||
| 600 | 1 | 4 |
_aMonardes, Nicolás. _982104 |
| 852 |
_aES-MaACL _jT-1379-F-2 _z- Enc. hol. conservando cub. original _z. - Dedicatoria autógrafa del autor _z- Enc. en un vol. facticio |
||
| 856 |
_uhttp://bibliotecadigitalhispanica.bne.es:80/webclient/DeliveryManager?pid=3278180&custom_att_2=simple_viewer _zBiblioteca Digital Hispánica |
||
| 999 |
_c160987 _d160987 |
||